25 bands on A - Statistics

General Stats
  • This quiz has been taken 29 times
    13 since last reset
  • The average score is 6 of 26
Answer Stats
Answer % Correct
AC/DC
92%
Aerosmith
92%
ABBA
77%
A-ha
54%
Air
54%
the Animals
38%
Ace of Base
23%
Arcade Fire
23%
Alice in Chains
15%
Aqua
15%
Arctic Monkeys
15%
Against Me
8%
Alabama 3
8%
All Saints
8%
Alphaville
8%
And One
8%
Anti-Flag
8%
Atomic Kitten
8%
the Ark
8%
ABC
0%
Antony and the Johnsons
0%
Apoptygma Bezerk
0%
Army of Lovers
0%
Asian Dub Foundation
0%
the Andrew Sisters
0%
the Assembly
0%
No matching quizzes found
Score Distribution
Percent of People with Each Score
Percentile by Number Answered
Your Score History
You have not taken this quiz since the last reset